[Event "Continental de las Americas"]
[Site "Buenos Aires"]
[Date "2005.08.12"]
[Round "7.66"]
[White "Soares, Joaquim"]
[Black "Herrera, Martin"]
[Result "1-0"]
[WhiteElo "2000"]
[BlackElo "2192"]
[PlyCount "47"]
[EventDate "2005.08.12"]

1. e4 c5 2. Nf3 Nc6 3. d4 cxd4 4. Nxd4 Nf6 5. Nc3 e5 6. Ndb5 d6 7. Bg5 a6 8.
Bxf6 gxf6 9. Na3 b5 10. Nd5 f5 11. Bd3 Be6 12. c3 Bg7 13. Nc2 Bxd5 14. exd5 Ne7
15. Ne3 e4 16. Bc2 a5 17. Qh5 Qd7 18. g4 b4 19. gxf5 bxc3 20. b3 Rc8 21. Qg4
Kf8 22. f6 Qxg4 23. fxe7+ Kxe7 24. Nxg4 1-0